Foundations of financial markets and institutions / (Record no. 1168)
[ view plain ]
| 000 -LEADER | |
|---|---|
| fixed length control field | 00840cam a22002532 4500 |
| 001 - CONTROL NUMBER | |
| control field | 0000020152 |
| 005 - DATE AND TIME OF LATEST TRANSACTION | |
| control field | 20151021151137.0 |
| 008 - FIXED-LENGTH DATA ELEMENTS--GENERAL INFORMATION | |
| fixed length control field | 110817s xx 000 0 eng d |
| 020 ## - INTERNATIONAL STANDARD BOOK NUMBER | |
| International Standard Book Number | 8131703908 |
| 040 ## - CATALOGING SOURCE | |
| Original cataloging agency | KABU |
| Transcribing agency | KABU |
| 245 10 - TITLE STATEMENT | |
| Title | Foundations of financial markets and institutions / |
| Statement of responsibility, etc. | Frank J. Fabozzi ... [et al.] |
| 250 ## - EDITION STATEMENT | |
| Edition statement | 3rd ed. |
| 260 ## - PUBLICATION, DISTRIBUTION, ETC. (IMPRINT) | |
| Place of publication, distribution, etc. | Boston : |
| Name of publisher, distributor, etc. | Pearson, |
| Date of publication, distribution, etc. | 2002. |
| 300 ## - PHYSICAL DESCRIPTION | |
| Extent | xxiii, 663 p. |
| 650 #0 - SUBJECT ADDED ENTRY--TOPICAL TERM | |
| Topical term or geographic name as entry element | Finance. |
| -- | 0000148330 |
| 650 #0 - SUBJECT ADDED ENTRY--TOPICAL TERM | |
| Topical term or geographic name as entry element | Financial institutions. |
| -- | 0000152429 |
| 700 1# - ADDED ENTRY--PERSONAL NAME | |
| Personal name | Modigliani, Franco. |
| -- | 0000178839 |
| 700 1# - ADDED ENTRY--PERSONAL NAME | |
| Personal name | Jones, Frank J. |
| -- | 0000178840 |
| 700 1# - ADDED ENTRY--PERSONAL NAME | |
| Personal name | Fabozzi, Frank J. |
| -- | 0000157588 |
| 852 1# - LOCATION | |
| -- | p1670 KES |
| 852 1# - LOCATION | |
| -- | p1670 KES |
| 908 ## - PUT COMMAND PARAMETER (RLIN) | |
| Put command parameter | 110817 |
| 950 ## - LOCAL HOLDINGS (RLIN) | |
| -- | 1 |
| Withdrawn status | Lost status | Source of classification or shelving scheme | Not for loan | Home library | Current library | Date acquired | Total Checkouts | Full call number | Barcode | Date last seen | Copy number | Price effective from | Koha item type | Total Renewals | Date last checked out |
|---|---|---|---|---|---|---|---|---|---|---|---|---|---|---|---|
| Library of Congress Classification | Kabarak, Main Campus | Kabarak, Main Campus | 21/10/2015 | 2 | HG173 .F33 2002 c.1 | 013867 | 23/08/2022 | c.1 | 21/10/2015 | General Collection | 2 | 26/08/2019 | |||
| Library of Congress Classification | Kabarak, Main Campus | Kabarak, Main Campus | 21/10/2015 | 1 | HG173 .F33 2002 c.2 | 013891 | 09/03/2016 | c.2 | 21/10/2015 | General Collection | 09/02/2016 | ||||
| Library of Congress Classification | Kabarak, Nakuru City Campus | Kabarak, Nakuru City Campus | 21/10/2015 | HG173 .F33 2002 c.1 | 19144 | 21/10/2015 | c.1 | 21/10/2015 | General Collection | ||||||
| Library of Congress Classification | Kabarak, Nakuru City Campus | Kabarak, Nakuru City Campus | 21/10/2015 | HG173 .F33 2002 c. 2 | 014015 | 21/10/2015 | c.2 | 21/10/2015 | General Collection |